| 000 | 00376cam a2200145ua 4500 | ||
|---|---|---|---|
| 041 |
_aeng _h |
||
| 082 |
_a891.43 _bJAM/JA |
||
| 100 | _aJaimanth, Kuman . | ||
| 245 |
_aJanardhaka shreshtaka kahani / _cKuman Jaimanth. _hTextual Documents |
||
| 260 |
_aMumbai : _bHindi grandhath ramnakaran , _c1964. |
||
| 300 | _a203 ; . | ||
| 504 | _a | ||
| 942 | _cBK | ||
| 999 |
_c3407 _d3407 |
||